01022nam a22003017a 4500001001000000003000900010005001700019007000300036008003400039040005400073041001500127072001900142090001900161100001700180110012400197245004900321260004000370300000900410650002100419650002400440650001000464650001200474650002200486909003600508942000700544999001700551952015200568BR9401915BR-BrBNA20230928093920.0ta230509b bl.||||| |||| 00| 0 por d aBR-BrBNAbporcBiblioteca Nacional de Agricultura a(Ger, Por) aE40; L01b5300  5300 BR94019151 aHartmann, C.1 aEmpresa de Assistencia Tecnica e Extensao Rural do Rio Grande do Sul, Santo Cristo (Brasil). Escritorio Municipal940561 aA experiencia de Santo Cristo [suinocultura]3 aSanto Cristo, RS (Brasil): c1990.  a8 p. aAssociacao Rural aAssistencia Tecnica aSuino aCriacao aRio Grande do Sul a202309bLuciac55dLucia Elande cBK c47876d47876 002AGRIS40708AGROBASEa41918b41918l0o 5300 BR9401915p5300 BR9401915r2023-09-25t01yBK10d2023-09-25ePortaria Interministerial nÂș 164/94